[Event "Kamyshin-Open 2017"]
[Site "Ð’Ð¾Ð»Ð³Ð¾Ð³Ñ€Ð°Ð´Ñ�ÐºÐ°Ñ� Ð¾Ð"]
[Date "2017.06.20"]
[Round "2.1"]
[White "Kuzub, Pavel"]
[Black "Belikov, Semen"]
[Result "1/2-1/2"]
[WhiteElo "2001"]
[BlackElo "1846"]
[PlyCount "52"]
[EventDate "2017.06.20"]

1. e4 e5 2. Nf3 Nc6 3. d4 exd4 4. Bc4 Nf6 5. Ng5 d5 6. exd5 Na5 7. Qxd4 Nxc4 8.
Qxc4 Qxd5 9. Qe2+ Be7 10. O-O Bf5 11. Nc3 Qc5 12. Re1 O-O 13. g4 Nxg4 14. h3
Bxg5 15. Bxg5 Nf6 16. Bxf6 gxf6 17. Qf3 Rad8 18. Ne4 Bxe4 19. Rxe4 f5 20. Rh4
Rd6 21. Kh1 Qd5 22. Rg1+ Kh8 23. Qxd5 Rxd5 24. Rc4 c6 25. f3 Re8 26. Rg2 Rg8
1/2-1/2

[Event "Kamyshin-Open 2017"]
[Site "Ð’Ð¾Ð»Ð³Ð¾Ð³Ñ€Ð°Ð´Ñ�ÐºÐ°Ñ� Ð¾Ð"]
[Date "2017.06.20"]
[Round "2.2"]
[White "Yurovskikh, Yasmin"]
[Black "Fridman, Roman A"]
[Result "1-0"]
[WhiteElo "1890"]
[BlackElo "1760"]
[PlyCount "95"]
[EventDate "2017.06.20"]

1. e4 e5 2. Bc4 Nc6 3. Nf3 Nf6 4. d4 exd4 5. e5 d5 6. Bb5 Ne4 7. Nxd4 Bd7 8.
Bxc6 bxc6 9. O-O Bc5 10. f3 Ng5 11. f4 Ne4 12. Nc3 Nxc3 13. bxc3 Bf5 14. Kh1
Bxd4 15. cxd4 O-O 16. a4 Re8 17. Ra3 Qd7 18. h3 Be4 19. Kg1 Rab8 20. g4 Rb4 21.
f5 c5 22. c3 Rb1 23. Qd2 h6 24. f6 g5 25. Qe3 c4 26. Qg3 Bd3 27. Re1 Kh7 28.
Ra2 Rg8 29. Rh2 h5 30. gxh5 g4 31. h4 Qf5 32. Rf2 Qe6 33. Bd2 Rb2 34. Qe3 Rxd2
35. Rxd2 g3 36. Rxd3 cxd3 37. Qxd3+ Kh8 38. Kg2 Qg4 39. Re3 Qxh4 40. Rxg3 Rb8
41. Qd2 Qe4+ 42. Kh2 Qh7 43. h6 Rg8 44. Rg7 Qf5 45. Rxg8+ Kxg8 46. Qg2+ Qg6 47.
Qxg6+ fxg6 48. e6 1-0

[Event "Kamyshin-Open 2017"]
[Site "Ð’Ð¾Ð»Ð³Ð¾Ð³Ñ€Ð°Ð´Ñ�ÐºÐ°Ñ� Ð¾Ð"]
[Date "2017.06.20"]
[Round "2.3"]
[White "Sokolov, Daniil"]
[Black "Pchelkin, Alexey"]
[Result "1/2-1/2"]
[WhiteElo "1705"]
[BlackElo "2127"]
[PlyCount "36"]
[EventDate "2017.06.20"]

1. c4 e5 2. Nc3 Nf6 3. Nf3 Nc6 4. a3 d5 5. cxd5 Nxd5 6. e4 Nxc3 7. bxc3 Bg4 8.
Bb5 Bd6 9. Bxc6+ bxc6 10. Qa4 Qd7 11. Rb1 O-O 12. h3 c5 13. Qxd7 Bxd7 14. c4
Ba4 15. Rb2 Rab8 16. Ke2 Rb6 17. d3 Rfb8 18. Rxb6 axb6 1/2-1/2

[Event "Kamyshin-Open 2017"]
[Site "Ð’Ð¾Ð»Ð³Ð¾Ð³Ñ€Ð°Ð´Ñ�ÐºÐ°Ñ� Ð¾Ð"]
[Date "2017.06.20"]
[Round "2.4"]
[White "Boyko, Gleb"]
[Black "Kosov, Andrey"]
[Result "0-1"]
[WhiteElo "1732"]
[BlackElo "1984"]
[PlyCount "118"]
[EventDate "2017.06.20"]

1. d4 Nf6 2. c4 e5 3. dxe5 Ng4 4. Nf3 Nc6 5. Bf4 Qe7 6. Nc3 Ngxe5 7. Nxe5 Nxe5
8. Nd5 Qd6 9. c5 Qxc5 10. Bxe5 c6 11. Nc7+ Kd8 12. Nxa8 Qxe5 13. Qd2 b6 14. a3
Bb7 15. Nxb6 axb6 16. O-O-O d5 17. e3 Bxa3 18. f4 Qf6 19. e4 Bxb2+ 20. Qxb2
Qxf4+ 21. Kb1 Qxe4+ 22. Bd3 Qe3 23. Rhe1 Qc5 24. Qxg7 Rf8 25. Qf6+ Kc8 26. Bf5+
Kb8 27. Qe5+ Ka7 28. Rd2 b5 29. Qe3 Qxe3 30. Rxe3 c5 31. Rh3 d4 32. Rxh7 Bd5
33. Rh5 Kb6 34. Bd3 Rd8 35. Rh6+ Ka5 36. Rh4 Be6 37. Bc2 Kb4 38. Kb2 Ra8 39.
Bb1 Ra3 40. Rd3 Ra8 41. Rf4 Kc4 42. Rb3 b4 43. Bd3+ Kd5 44. Be4+ Ke5 45. Bxa8
Kxf4 46. Rf3+ Ke5 47. g3 c4 48. Rf4 c3+ 49. Kc1 f5 50. Bc6 b3 51. Bb5 b2+ 52.
Kb1 Bd5 53. Bd3 Be4 54. Bxe4 fxe4 55. Rf1 d3 56. h4 e3 57. h5 e2 58. Re1 Kf5
59. h6 d2 0-1

[Event "Kamyshin-Open 2017"]
[Site "Ð’Ð¾Ð»Ð³Ð¾Ð³Ñ€Ð°Ð´Ñ�ÐºÐ°Ñ� Ð¾Ð"]
[Date "2017.06.20"]
[Round "2.5"]
[White "Kudryavtseva, Anastasia"]
[Black "Borisenko, Anastasia"]
[Result "1-0"]
[WhiteElo "1447"]
[BlackElo "1725"]
[PlyCount "93"]
[EventDate "2017.06.20"]

1. d4 Nf6 2. Nf3 e6 3. Bg5 Be7 4. e3 b6 5. Bd3 Bb7 6. O-O O-O 7. c3 Ne4 8. Bxe7
Qxe7 9. Nbd2 f5 10. Qc2 d5 11. Ne5 Nd7 12. Ndf3 c5 13. Nxd7 Qxd7 14. Ne5 Qe8
15. f4 Rc8 16. Qe2 Rf6 17. Bxe4 fxe4 18. Kh1 Qa4 19. Rfc1 Ba6 20. Qd2 Rcf8 21.
Qf2 Qe8 22. Rg1 Kh8 23. Qh4 Rh6 24. Qg5 Rf5 25. Qg3 Qh5 26. h3 Bb5 27. Rae1 g5
28. fxg5 Rxg5 29. Qh2 Rf6 30. Ng4 Rf8 31. a3 Rgf5 32. Qg3 Rg8 33. Qh2 Qh4 34.
g3 Qg5 35. Rg2 h5 36. Ne5 Rgf8 37. Reg1 Bf1 38. Rc2 Kh7 39. g4 Rxe5 40. Qxe5
Qxe3 41. Qxh5+ Kg7 42. Qe5+ Kh7 43. Qh5+ Qh6 44. Qxh6+ Kxh6 45. Rc1 Bxh3 46.
Kh2 Rf3 47. Rg3 1-0

[Event "Kamyshin-Open 2017"]
[Site "Ð’Ð¾Ð»Ð³Ð¾Ð³Ñ€Ð°Ð´Ñ�ÐºÐ°Ñ� Ð¾Ð"]
[Date "2017.06.20"]
[Round "2.6"]
[White "Pospelova, Ekaterina"]
[Black "Kozubov, Mikhail"]
[Result "0-1"]
[WhiteElo "1297"]
[BlackElo "1649"]
[PlyCount "116"]
[EventDate "2017.06.20"]

1. d4 d5 2. Bf4 Nf6 3. e3 c5 4. c3 Nc6 5. Nf3 Qb6 6. Qc2 Bf5 7. Qc1 e6 8. Be2
Be7 9. Nbd2 c4 10. Ne5 Nxe5 11. Bxe5 Qc6 12. b4 O-O 13. h4 a5 14. a3 b5 15. Rg1
Ne4 16. Rh1 Nxd2 17. Kxd2 f6 18. Bf4 axb4 19. axb4 Rxa1 20. Qxa1 Ra8 21. Qb2
Qa6 22. Ke1 Qa4 23. Bd1 Qa2 24. Qc1 Bd3 25. g4 Ra3 26. Rh2 Qa1 27. Qxa1 Rxa1
28. f3 Ra3 29. Kd2 f5 30. g5 Kf7 31. h5 Ra2+ 32. Ke1 Rxh2 33. Bxh2 Bxg5 34. f4
Bh4+ 35. Kd2 g6 36. h6 Bf2 37. Bf3 Bh4 38. Kd1 Kf6 39. Kd2 Bf1 40. Bd1 Bh3 41.
Bf3 Bg4 42. Bg2 g5 43. Kc1 Kg6 44. Kd2 Kxh6 45. Kc1 Kg6 46. Kd2 h5 47. Kc1 Be2
48. Kd2 Bd3 49. fxg5 Kxg5 50. Bh3 Bf2 51. Bc7 Kh4 52. Bg2 Kg4 53. Bd6 h4 54.
Bh2 h3 55. Bh1 Bg3 56. Bxg3 Kxg3 57. Ke1 Be4 58. Bxe4 dxe4 0-1

[Event "Kamyshin-Open 2017"]
[Site "Ð’Ð¾Ð»Ð³Ð¾Ð³Ñ€Ð°Ð´Ñ�ÐºÐ°Ñ� Ð¾Ð"]
[Date "2017.06.20"]
[Round "1.2"]
[White "Borisenko, Anastasia"]
[Black "Kuzub, Pavel"]
[Result "0-1"]
[WhiteElo "1725"]
[BlackElo "2001"]
[PlyCount "58"]
[EventDate "2017.06.20"]

1. e4 c5 2. Nf3 d6 3. d4 cxd4 4. Nxd4 Nf6 5. Nc3 a6 6. Be2 e6 7. O-O Qc7 8. Kh1
b5 9. f4 b4 10. Nb1 Nxe4 11. Bf3 Bb7 12. Qe2 Nc5 13. c3 bxc3 14. Nxc3 Be7 15.
Bd2 O-O 16. Rac1 Bf6 17. Be3 Bxf3 18. Qxf3 Qb7 19. Qxb7 Nxb7 20. Na4 Nd7 21.
Rc2 Nbc5 22. Nxc5 Nxc5 23. b4 Nd3 24. a3 Rfc8 25. Rc6 Bxd4 26. Rxc8+ Rxc8 27.
Bxd4 Rc4 28. Be3 Re4 29. Rf3 Nxf4 0-1

[Event "Kamyshin-Open 2017"]
[Site "Ð’Ð¾Ð»Ð³Ð¾Ð³Ñ€Ð°Ð´Ñ�ÐºÐ°Ñ� Ð¾Ð"]
[Date "2017.06.20"]
[Round "1.3"]
[White "Kosov, Andrey"]
[Black "Sokolov, Daniil"]
[Result "0-1"]
[WhiteElo "1984"]
[BlackElo "1705"]
[PlyCount "130"]
[EventDate "2017.06.20"]

1. e4 e6 2. d4 d5 3. exd5 exd5 4. Bf4 Bf5 5. Bd3 Bg6 6. Nf3 Nf6 7. c3 c6 8. O-O
Be7 9. Re1 O-O 10. Bxg6 hxg6 11. h3 Nbd7 12. Nbd2 a5 13. Ne5 Re8 14. a4 Qb6 15.
Nxd7 Nxd7 16. Qb3 Qa6 17. Re3 Nf6 18. Rae1 Bf8 19. Be5 Re6 20. Bxf6 Rxe3 21.
Rxe3 gxf6 22. Nf3 Bd6 23. g3 Kg7 24. Kg2 Rb8 25. Qc2 b5 26. Qe2 Qb6 27. axb5
Qxb5 28. Qxb5 Rxb5 29. Re2 a4 30. Rc2 Rb3 31. Nd2 Rb7 32. h4 Kf8 33. Kf3 Ke8
34. Ke2 Kd7 35. Kd3 Rb8 36. b4 axb3 37. Rb2 c5 38. c4 Rb4 39. g4 Ke6 40. f3 Bf4
41. dxc5 Bxd2 42. cxd5+ Kxd5 43. Kxd2 Kxc5 44. Kc3 Rf4 45. Rf2 b2 46. Kxb2 Kd4
47. Kc2 Ke3 48. Rf1 Ke2 49. Rh1 Kxf3 50. h5 Kxg4 51. h6 Rc4+ 52. Kd3 Rc8 53.
Ke4 Re8+ 54. Kd5 Kf5 55. Rf1+ Kg5 56. Rh1 Rd8+ 57. Ke4 f5+ 58. Ke5 Re8+ 59. Kd6
Kf6 60. Kd5 g5 61. h7 Rh8 62. Rh6+ Kg7 63. Ra6 Rxh7 64. Ke5 Rh6 65. Ra8 Rf6 0-1

[Event "Kamyshin-Open 2017"]
[Site "Ð’Ð¾Ð»Ð³Ð¾Ð³Ñ€Ð°Ð´Ñ�ÐºÐ°Ñ� Ð¾Ð"]
[Date "2017.06.20"]
[Round "1.4"]
[White "Kozubov, Mikhail"]
[Black "Yurovskikh, Yasmin"]
[Result "0-1"]
[WhiteElo "1649"]
[BlackElo "1890"]
[PlyCount "70"]
[EventDate "2017.06.20"]

1. c4 e5 2. Nc3 d6 3. e4 f5 4. d3 Nf6 5. g3 Be7 6. Bg2 Nc6 7. Nge2 O-O 8. O-O
Qe8 9. h3 Qh5 10. Kh2 g5 11. Ng1 Ng4+ 12. Kh1 Qh6 13. f3 Nf6 14. f4 Nh5 15.
Nge2 gxf4 16. gxf4 exf4 17. Nd5 fxe4 18. dxe4 Bg5 19. Kh2 Ne5 20. Bf3 Ng3 21.
Ng1 Nxf1+ 22. Qxf1 c6 23. Nc3 Be6 24. b3 Rf7 25. Bb2 Bh4 26. Nce2 Rg7 27. Rd1
Bg3+ 28. Kh1 Nxf3 29. Bxg7 Kxg7 30. Nxg3 Nxg1 31. Nf5+ Bxf5 32. exf5 Nxh3 33.
Qg2+ Kf7 34. Re1 Rg8 35. Qh2 Nf2# 0-1

[Event "Kamyshin-Open 2017"]
[Site "Ð’Ð¾Ð»Ð³Ð¾Ð³Ñ€Ð°Ð´Ñ�ÐºÐ°Ñ� Ð¾Ð"]
[Date "2017.06.20"]
[Round "1.5"]
[White "Belikov, Semen"]
[Black "Kudryavtseva, Anastasia"]
[Result "1-0"]
[WhiteElo "1846"]
[BlackElo "1447"]
[PlyCount "47"]
[EventDate "2017.06.20"]

1. e4 d6 2. d4 Nf6 3. Nc3 g6 4. Nf3 Bg7 5. Bg5 O-O 6. Qd2 Re8 7. O-O-O c6 8.
Bd3 b5 9. e5 dxe5 10. dxe5 Nfd7 11. Be4 Qc7 12. Bf4 Qb7 13. h4 Nc5 14. Bd3
Nxd3+ 15. Qxd3 Bg4 16. h5 Bxh5 17. Rxh5 gxh5 18. Ng5 h6 19. Qh7+ Kf8 20. Ne6+
fxe6 21. Bxh6 Bxh6+ 22. Qxh6+ Kf7 23. Qxh5+ Kg8 24. Rd3 1-0

[Event "Kamyshin-Open 2017"]
[Site "Ð’Ð¾Ð»Ð³Ð¾Ð³Ñ€Ð°Ð´Ñ�ÐºÐ°Ñ� Ð¾Ð"]
[Date "2017.06.20"]
[Round "1.6"]
[White "Pospelova, Ekaterina"]
[Black "Fridman, Roman A"]
[Result "0-1"]
[WhiteElo "1297"]
[BlackElo "1760"]
[PlyCount "68"]
[EventDate "2017.06.20"]

1. d4 Nf6 2. Bf4 g6 3. e3 Bg7 4. Bd3 O-O 5. c3 d6 6. Nf3 Re8 7. Nbd2 e5 8. Bg5
Nbd7 9. Bc4 h6 10. Bh4 g5 11. Bg3 e4 12. Ng1 d5 13. Bb3 Nb6 14. h4 g4 15. Ne2
Nh5 16. Bh2 Qxh4 17. Nf1 c6 18. Neg3 Nxg3 19. Nxg3 Be6 20. Bg1 Qg5 21. f4 gxf3
22. Bf2 fxg2 23. Rg1 Bg4 24. Qc2 Bf3 25. Kd2 h5 26. Ne2 Re6 27. Nf4 Rh6 28. Qc1
h4 29. Bd1 Nc4+ 30. Kc2 h3 31. Bxf3 exf3 32. Nxh3 Rxh3 33. b3 Qf5+ 34. Kd1 Qd3+
0-1

[Event "Kamyshin-Open 2017"]
[Site "Ð’Ð¾Ð»Ð³Ð¾Ð³Ñ€Ð°Ð´Ñ�ÐºÐ°Ñ� Ð¾Ð"]
[Date "2017.06.20"]
[Round "4.1"]
[White "Kuzub, Pavel"]
[Black "Yurovskikh, Yasmin"]
[Result "0-1"]
[WhiteElo "2001"]
[BlackElo "1890"]
[PlyCount "96"]
[EventDate "2017.06.20"]

1. Nf3 d5 2. g3 c5 3. Bg2 Nc6 4. O-O e5 5. d3 f6 6. h3 Be6 7. Nbd2 Qd7 8. Kh2
g5 9. e4 d4 10. Ne1 h5 11. Nc4 O-O-O 12. a3 Nh6 13. Bd2 Be7 14. Qe2 Qc7 15. b4
b5 16. Na5 Nxa5 17. bxa5 c4 18. Bb4 Bxb4 19. axb4 c3 20. f4 gxf4 21. gxf4 Qg7
22. f5 Bd7 23. Kh1 Rdg8 24. Qf2 Nf7 25. Nf3 h4 26. Nh2 Nd8 27. Ng4 Nc6 28. Rfb1
Qe7 29. Bf3 Rf8 30. Qe1 Nxb4 31. Qc1 a6 32. Bd1 Nc6 33. Rb3 Kc7 34. Kg2 Qc5 35.
Rba3 b4 36. R3a2 Be8 37. Kf1 Bf7 38. Ra4 Qd6 39. Nh6 Be8 40. Ng4 Bh5 41. Ke1
Bxg4 42. Bxg4 Rb8 43. Qb1 b3 44. Rc4 b2 45. Raa4 Qf8 46. Bd1 Qh6 47. Rxc6+ Kxc6
48. Qa2 Qd2+ 0-1

[Event "Kamyshin-Open 2017"]
[Site "Ð’Ð¾Ð»Ð³Ð¾Ð³Ñ€Ð°Ð´Ñ�ÐºÐ°Ñ� Ð¾Ð"]
[Date "2017.06.20"]
[Round "4.2"]
[White "Belikov, Semen"]
[Black "Pchelkin, Alexey"]
[Result "0-1"]
[WhiteElo "1846"]
[BlackElo "2127"]
[PlyCount "90"]
[EventDate "2017.06.20"]

1. e4 d5 2. exd5 Nf6 3. d4 Nxd5 4. Bc4 e6 5. Nf3 Be7 6. Bd2 b6 7. Nc3 Nxc3 8.
Bxc3 Bb7 9. Qe2 Nd7 10. O-O-O c6 11. Rhe1 Qc7 12. Ne5 Nxe5 13. dxe5 b5 14. Bb3
a5 15. a4 Ba6 16. Qg4 g6 17. Re4 b4 18. Be1 c5 19. f3 h5 20. Qf4 c4 21. Ba2 Rc8
22. Kb1 O-O 23. Qh6 Rfd8 24. Rc1 Qb6 25. b3 c3 26. g4 Bf8 27. Qg5 hxg4 28. Rxg4
Rd4 29. Qe3 Bc5 30. Qg5 Rxg4 31. Qxg4 Rd8 32. Bh4 Rd4 33. f4 Qc6 34. Bf6 Bf8
35. h4 Qe4 36. h5 Qxf4 37. Qg2 Bb7 38. Qg1 Qg4 39. Qf1 Be4 40. hxg6 Bxg6 41.
Qh1 Qh5 42. Qg1 Rd2 43. Ka1 Qh2 44. Bb1 Qxg1 45. Rxg1 Bg7 0-1

[Event "Kamyshin-Open 2017"]
[Site "Ð’Ð¾Ð»Ð³Ð¾Ð³Ñ€Ð°Ð´Ñ�ÐºÐ°Ñ� Ð¾Ð"]
[Date "2017.06.20"]
[Round "4.3"]
[White "Sokolov, Daniil"]
[Black "Fridman, Roman A"]
[Result "0-1"]
[WhiteElo "1705"]
[BlackElo "1760"]
[PlyCount "81"]
[EventDate "2017.06.20"]

1. c4 Nf6 2. Nf3 g6 3. Nc3 Bg7 4. e4 d6 5. g3 O-O 6. Bg2 c5 7. O-O Nc6 8. h3
Nd7 9. d3 Nde5 10. Nh2 Nd4 11. f4 Nec6 12. Rb1 e5 13. a3 a5 14. Nd5 Be6 15. Be3
Bxd5 16. exd5 Ne7 17. g4 exf4 18. Bxf4 Qd7 19. Nf3 f5 20. Nxd4 Bxd4+ 21. Kh1
fxg4 22. hxg4 Rf7 23. Qe2 Raf8 24. Bg5 Kg7 25. Rbe1 Be5 26. Qe3 Ng8 27. Rxf7+
Rxf7 28. Qe2 h6 29. Bh4 g5 30. Bf2 Nf6 31. Bf3 h5 32. Bxc5 hxg4 33. Bg2 Qc8 34.
Qf2 Qh8+ 35. Kg1 Qh2+ 36. Kf1 Nd7 37. Qxf7+ Kxf7 38. Be3 Bf4 39. Bd4 Ne5 40.
Re2 Qh7 41. Be4 0-1

[Event "Kamyshin-Open 2017"]
[Site "Ð’Ð¾Ð»Ð³Ð¾Ð³Ñ€Ð°Ð´Ñ�ÐºÐ°Ñ� Ð¾Ð"]
[Date "2017.06.20"]
[Round "4.4"]
[White "Boyko, Gleb"]
[Black "Borisenko, Anastasia"]
[Result "0-1"]
[WhiteElo "1732"]
[BlackElo "1725"]
[PlyCount "128"]
[EventDate "2017.06.20"]

1. d4 Nf6 2. Nf3 e6 3. c4 Bb4+ 4. Nc3 c5 5. e3 Ne4 6. Bd2 f5 7. a3 Bxc3 8. Bxc3
Nxc3 9. bxc3 Nc6 10. d5 Ne7 11. Be2 d6 12. dxe6 Bxe6 13. Ng5 Bc8 14. O-O Ng6
15. Nf3 Be6 16. Qc2 Qf6 17. Rad1 Qe7 18. Bd3 O-O 19. Rfe1 Qf7 20. e4 fxe4 21.
Bxe4 Bxc4 22. Rxd6 Rae8 23. Bxg6 Rxe1+ 24. Nxe1 hxg6 25. Nf3 Qf5 26. Qxf5 gxf5
27. Ne5 Bb5 28. c4 Ba4 29. f4 Re8 30. Rd5 Kf8 31. Nd7+ Bxd7 32. Rxd7 Rb8 33.
Rd5 b6 34. Rxf5+ Ke7 35. Rg5 Kf6 36. Rd5 Re8 37. Rd7 Re4 38. Rxa7 Rxc4 39. Ra6
Rxf4 40. Rxb6+ Ke5 41. Rg6 Rf7 42. Rg4 Kd5 43. Rg5+ Kd4 44. Rg4+ Kd3 45. Rg6 c4
46. Rd6+ Kc2 47. a4 c3 48. a5 Kc1 49. a6 c2 50. Rb6 Rd7 51. Rb7 Rd8 52. a7 Kd2
53. Rb2 Kc3 54. Rb8 c1=Q+ 55. Kf2 Qb2+ 56. Rxb2 Kxb2 57. Kf3 Ra8 58. Kg4 Rxa7
59. Kg5 Kc3 60. h4 Ra6 61. g4 Kd4 62. Kf5 Rf6+ 63. Kg5 Ke5 64. h5 Rb6 0-1

[Event "Kamyshin-Open 2017"]
[Site "Ð’Ð¾Ð»Ð³Ð¾Ð³Ñ€Ð°Ð´Ñ�ÐºÐ°Ñ� Ð¾Ð"]
[Date "2017.06.20"]
[Round "4.5"]
[White "Kudryavtseva, Anastasia"]
[Black "Kozubov, Mikhail"]
[Result "1/2-1/2"]
[WhiteElo "1447"]
[BlackElo "1649"]
[PlyCount "115"]
[EventDate "2017.06.20"]

1. d4 d5 2. Nf3 Nf6 3. Bg5 e6 4. e3 Be7 5. Nbd2 h6 6. Bh4 Nbd7 7. Bd3 c5 8. c3
b6 9. O-O Bb7 10. Ne5 c4 11. Bc2 O-O 12. f4 b5 13. Kh1 Nxe5 14. dxe5 Nd7 15.
Bxe7 Qxe7 16. Nf3 b4 17. Nd4 f6 18. exf6 Rxf6 19. Qd2 a5 20. Rae1 Raf8 21. Kg1
e5 22. fxe5 Rxf1+ 23. Rxf1 Rxf1+ 24. Kxf1 Nxe5 25. h3 Ba6 26. Kg1 Nd3 27. Bxd3
cxd3 28. cxb4 Qxb4 29. Qxb4 axb4 30. Nf3 Kf7 31. Kf2 Kf6 32. Ke1 Kf5 33. Kd2
Ke4 34. Nd4 Bc8 35. Nc6 Be6 36. Nxb4 d4 37. exd4 Kxd4 38. b3 Bf5 39. a4 Be6 40.
Nc6+ Kc5 41. Ne5 Bxb3 42. Nxd3+ Kb6 43. Nb2 g5 44. g3 Be6 45. h4 gxh4 46. gxh4
h5 47. Ke3 Bb3 48. Kd4 Ka5 49. Ke5 Bf7 50. Kf5 Bd5 51. Kg5 Bf3 52. Nd3 Kxa4 53.
Nf4 Kb5 54. Nxh5 Kc5 55. Nf6 Kd6 56. Ng4 Ke7 57. Ne5 Bd1 58. Kg6 1/2-1/2

[Event "Kamyshin-Open 2017"]
[Site "Ð’Ð¾Ð»Ð³Ð¾Ð³Ñ€Ð°Ð´Ñ�ÐºÐ°Ñ� Ð¾Ð"]
[Date "2017.06.20"]
[Round "4.6"]
[White "Pospelova, Ekaterina"]
[Black "Kosov, Andrey"]
[Result "0-1"]
[WhiteElo "1297"]
[BlackElo "1984"]
[PlyCount "94"]
[EventDate "2017.06.20"]

1. d4 Nf6 2. Bf4 d5 3. e3 Bf5 4. Bd3 Bxd3 5. Qxd3 c6 6. c3 e6 7. Nf3 Bd6 8. Bg3
Qe7 9. b4 Nbd7 10. a4 e5 11. Qe2 exd4 12. Nxd4 g6 13. Nc2 Ne5 14. Nd2 h5 15. f4
Neg4 16. h3 Nh6 17. Nd4 Ne4 18. Nxe4 Qxe4 19. O-O O-O 20. Nf3 Nf5 21. Bh2 Qxe3+
22. Qxe3 Nxe3 23. Rae1 Nxf1 24. Kxf1 Rfe8 25. Rd1 Rad8 26. g3 Re3 27. Nd4 h4
28. Ne2 hxg3 29. Bxg3 Rde8 30. Re1 Rxg3 31. Nxg3 Rxe1+ 32. Kxe1 Bxf4 33. Ne2
Be5 34. Kf2 f5 35. Kg2 Kf7 36. Kf2 Ke6 37. Ke3 g5 38. Nc1 Bxc3 39. Nd3 b6 40.
Kf3 Bd4 41. Nc1 Bc3 42. Nd3 Kd6 43. Ke3 c5 44. bxc5+ bxc5 45. Nf2 Bd4+ 46. Ke2
Bxf2 47. Kxf2 c4 0-1

[Event "Kamyshin-Open 2017"]
[Site "Ð’Ð¾Ð»Ð³Ð¾Ð³Ñ€Ð°Ð´Ñ�ÐºÐ°Ñ� Ð¾Ð"]
[Date "2017.06.20"]
[Round "3.1"]
[White "Pchelkin, Alexey"]
[Black "Yurovskikh, Yasmin"]
[Result "1/2-1/2"]
[WhiteElo "2127"]
[BlackElo "1890"]
[PlyCount "51"]
[EventDate "2017.06.20"]

1. e4 c6 2. d4 d5 3. exd5 cxd5 4. Bd3 Nc6 5. c3 g6 6. Nf3 Bf5 7. Bxf5 gxf5 8.
Qd3 e6 9. Bg5 Qc7 10. Nbd2 Bd6 11. O-O h6 12. Bh4 Nge7 13. Rfe1 Rg8 14. Bxe7
Nxe7 15. Qb5+ Qc6 16. Qxc6+ bxc6 17. Ne5 f6 18. Nd3 Kf7 19. f4 Ng6 20. Rf1 Rg7
21. g3 h5 22. Kf2 h4 23. Nf3 hxg3+ 24. hxg3 Re8 25. Rae1 Kg8 26. b4 1/2-1/2

[Event "Kamyshin-Open 2017"]
[Site "Ð’Ð¾Ð»Ð³Ð¾Ð³Ñ€Ð°Ð´Ñ�ÐºÐ°Ñ� Ð¾Ð"]
[Date "2017.06.20"]
[Round "3.2"]
[White "Belikov, Semen"]
[Black "Sokolov, Daniil"]
[Result "1/2-1/2"]
[WhiteElo "1846"]
[BlackElo "1705"]
[PlyCount "124"]
[EventDate "2017.06.20"]

1. e4 e6 2. d4 d5 3. Nc3 Nf6 4. e5 Nfd7 5. Nf3 c5 6. Bf4 Nc6 7. Bb5 Qb6 8. Bxc6
bxc6 9. Na4 Qa5+ 10. c3 Ba6 11. Nxc5 Nxc5 12. dxc5 Qxc5 13. Nd4 Qb6 14. Qd2 c5
15. Ne2 Rb8 16. b3 g6 17. Be3 Qb5 18. f4 Rd8 19. Rd1 d4 20. c4 Qc6 21. Qa5 Be7
22. Bf2 Qxg2 23. Rg1 Qc6 24. Ng3 Bh4 25. Kf1 Bb7 26. Qb5 O-O 27. Qxc6 Bxc6 28.
Rd3 a5 29. a4 Rb8 30. Nh5 Bxf2 31. Nf6+ Kg7 32. Kxf2 Rb4 33. Rgg3 Bxa4 34. bxa4
Rxa4 35. h4 Rb8 36. Rb3 Rab4 37. Ra3 Rxc4 38. Rxa5 Rc2+ 39. Kf3 Rb3+ 40. Kg4 d3
41. Ne4 d2 42. Nxd2 h5+ 43. Kh3 Rxg3+ 44. Kxg3 Rxd2 45. Rxc5 Rd3+ 46. Kg2 Rd7
47. Rc6 Re7 48. Kf3 f6 49. Ke4 Kf7 50. Ra6 Rb7 51. Ra4 fxe5 52. fxe5 Rb1 53.
Kf3 Rf1+ 54. Ke3 Rf5 55. Ra7+ Kf8 56. Ke4 g5 57. hxg5 Rxg5 58. Kf4 Rf5+ 59. Ke4
Rf1 60. Rh7 Rf5 61. Rh6 Ke7 62. Rh7+ Kf8 1/2-1/2

[Event "Kamyshin-Open 2017"]
[Site "Ð’Ð¾Ð»Ð³Ð¾Ð³Ñ€Ð°Ð´Ñ�ÐºÐ°Ñ� Ð¾Ð"]
[Date "2017.06.20"]
[Round "3.3"]
[White "Kosov, Andrey"]
[Black "Kuzub, Pavel"]
[Result "0-1"]
[WhiteElo "1984"]
[BlackElo "2001"]
[PlyCount "50"]
[EventDate "2017.06.20"]

1. e4 c5 2. Nf3 e6 3. b3 a6 4. Bb2 Nc6 5. d4 cxd4 6. Nxd4 Qc7 7. Bd3 Nf6 8. O-O
Bd6 9. h3 Be5 10. c3 d5 11. exd5 Nxd5 12. Nxc6 bxc6 13. Qc2 Bb7 14. Nd2 Qe7 15.
Nc4 Bc7 16. Ba3 c5 17. Rae1 O-O-O 18. Be4 Kb8 19. b4 cxb4 20. cxb4 Qg5 21. Ne3
Nf4 22. Bxb7 Nxh3+ 23. Kh1 Qh4 24. f4 Nxf4+ 25. Kg1 Ne2+ 0-1

[Event "Kamyshin-Open 2017"]
[Site "Ð’Ð¾Ð»Ð³Ð¾Ð³Ñ€Ð°Ð´Ñ�ÐºÐ°Ñ� Ð¾Ð"]
[Date "2017.06.20"]
[Round "3.4"]
[White "Fridman, Roman A"]
[Black "Kudryavtseva, Anastasia"]
[Result "1-0"]
[WhiteElo "1760"]
[BlackElo "1447"]
[PlyCount "86"]
[EventDate "2017.06.20"]

1. e4 d6 2. d4 Nf6 3. Nc3 g6 4. Bg5 h6 5. Bh4 Bg7 6. e5 dxe5 7. dxe5 Ng4 8.
Qxd8+ Kxd8 9. Rd1+ Bd7 10. e6 fxe6 11. Bc4 Ke8 12. Nf3 Ne5 13. Nxe5 Bxe5 14.
O-O Bd6 15. Rfe1 Kf7 16. Rd3 Nc6 17. Bg3 Rhe8 18. Nb5 Rac8 19. Nd4 Nxd4 20.
Rxd4 a6 21. Rd3 Red8 22. Kf1 b5 23. Rf3+ Kg7 24. Bxe6 Bxe6 25. Rxe6 Bxg3 26.
Rxg3 g5 27. Rxa6 Rd7 28. Rc6 Rd1+ 29. Ke2 Rb1 30. Rb3 Rg1 31. g3 Rf8 32. Rxc7
Rg2 33. Rf3 Rxf3 34. Kxf3 Rxh2 35. Rxe7+ Kf6 36. Re1 g4+ 37. Kxg4 Rxf2 38. Rc1
Kg6 39. a3 h5+ 40. Kh3 Kf5 41. b3 Ke4 42. c4 bxc4 43. Rxc4+ Kf5 1-0

[Event "Kamyshin-Open 2017"]
[Site "Ð’Ð¾Ð»Ð³Ð¾Ð³Ñ€Ð°Ð´Ñ�ÐºÐ°Ñ� Ð¾Ð"]
[Date "2017.06.20"]
[Round "3.5"]
[White "Kozubov, Mikhail"]
[Black "Boyko, Gleb"]
[Result "0-1"]
[WhiteElo "1649"]
[BlackElo "1732"]
[PlyCount "76"]
[EventDate "2017.06.20"]

1. d4 d5 2. Bf4 Nf6 3. e3 e6 4. c4 c6 5. Nc3 Be7 6. Nf3 Nbd7 7. Bd3 O-O 8. O-O
b6 9. Qc2 Bb7 10. Ne5 dxc4 11. Bxc4 c5 12. Rad1 Qc8 13. Bb5 Nxe5 14. Bxe5 a6
15. Bd3 h6 16. f4 cxd4 17. exd4 b5 18. Qf2 Qd8 19. f5 Ng4 20. Qg3 Nxe5 21. dxe5
Qb6+ 22. Kh1 exf5 23. Rf4 Rad8 24. Rdf1 Qe6 25. Bc2 Rd2 26. R4f2 Rxf2 27. Rxf2
Bc5 28. Rf3 Qc4 29. Bd3 Qd4 30. Rf1 Rd8 31. Rd1 Kh8 32. Bc2 Qxd1+ 33. Bxd1 b4
34. Qe1 bxc3 35. bxc3 Rd3 36. Bc2 Re3 37. Qd2 g6 38. h3 Rxh3# 0-1

[Event "Kamyshin-Open 2017"]
[Site "Ð’Ð¾Ð»Ð³Ð¾Ð³Ñ€Ð°Ð´Ñ�ÐºÐ°Ñ� Ð¾Ð"]
[Date "2017.06.20"]
[Round "3.6"]
[White "Borisenko, Anastasia"]
[Black "Pospelova, Ekaterina"]
[Result "1-0"]
[WhiteElo "1725"]
[BlackElo "1297"]
[PlyCount "61"]
[EventDate "2017.06.20"]

1. e4 c5 2. Nf3 d6 3. d4 cxd4 4. Nxd4 g6 5. Nc3 Bg7 6. Be2 Bd7 7. Be3 Nc6 8.
O-O Nf6 9. f4 O-O 10. Bf3 Qc7 11. h3 Bh6 12. Nb3 Rfe8 13. g4 Bg7 14. f5 Ne5 15.
Bg2 Nc4 16. Bc1 b5 17. Qf3 Bc6 18. Nd4 Qb7 19. Nxc6 Qxc6 20. e5 Qb6+ 21. Qf2
Qxf2+ 22. Rxf2 Nxe5 23. Bxa8 Rxa8 24. fxg6 b4 25. gxf7+ Kxf7 26. Nd5 Rb8 27. g5
Rb5 28. gxf6 Rxd5 29. fxg7+ Kxg7 30. Be3 a5 31. Re1 1-0

[Event "Kamyshin-Open 2017"]
[Site "Ð’Ð¾Ð»Ð³Ð¾Ð³Ñ€Ð°Ð´Ñ�ÐºÐ°Ñ� Ð¾Ð"]
[Date "2017.06.20"]
[Round "5.1"]
[White "Yurovskikh, Yasmin"]
[Black "Belikov, Semen"]
[Result "1/2-1/2"]
[WhiteElo "1890"]
[BlackElo "1846"]
[PlyCount "38"]
[EventDate "2017.06.20"]

1. d4 d5 2. c4 c6 3. cxd5 cxd5 4. Nc3 Nc6 5. Nf3 Nf6 6. Bf4 Bf5 7. e3 e6 8. Bd3
Bxd3 9. Qxd3 Bd6 10. Bxd6 Qxd6 11. O-O O-O 12. a3 a6 13. Rfc1 Rac8 14. Na4 Nd7
15. Nc5 Rc7 16. b4 Nb6 17. Rc2 Nc4 18. Rac1 b5 19. Rc3 Ra8 1/2-1/2

[Event "Kamyshin-Open 2017"]
[Site "Ð’Ð¾Ð»Ð³Ð¾Ð³Ñ€Ð°Ð´Ñ�ÐºÐ°Ñ� Ð¾Ð"]
[Date "2017.06.20"]
[Round "5.2"]
[White "Fridman, Roman A"]
[Black "Pchelkin, Alexey"]
[Result "1/2-1/2"]
[WhiteElo "1760"]
[BlackElo "2127"]
[PlyCount "28"]
[EventDate "2017.06.20"]

1. e4 e5 2. Nf3 Nc6 3. Bb5 d6 4. d4 exd4 5. Nxd4 Bd7 6. Bxc6 bxc6 7. O-O c5 8.
Nf3 Be7 9. Nc3 Bf6 10. Nd5 Bc6 11. Nxf6+ Nxf6 12. Bg5 h6 13. Bxf6 Qxf6 14. e5
dxe5 1/2-1/2

[Event "Kamyshin-Open 2017"]
[Site "Ð’Ð¾Ð»Ð³Ð¾Ð³Ñ€Ð°Ð´Ñ�ÐºÐ°Ñ� Ð¾Ð"]
[Date "2017.06.20"]
[Round "5.4"]
[White "Kosov, Andrey"]
[Black "Kudryavtseva, Anastasia"]
[Result "1-0"]
[WhiteElo "1984"]
[BlackElo "1447"]
[PlyCount "53"]
[EventDate "2017.06.20"]

1. e4 d6 2. d4 Nf6 3. Nc3 g6 4. f4 Bg7 5. Nf3 O-O 6. Be3 b6 7. e5 Ng4 8. Bg1 c5
9. dxc5 bxc5 10. Qd5 Qc7 11. Qxa8 Nc6 12. Nd5 Qd7 13. Qxc6 Qd8 14. Qxc8 Qa5+
15. b4 cxb4 16. Nxe7+ Kh8 17. Qc4 dxe5 18. Nc6 Qc7 19. Ncxe5 Qa5 20. Bc5 Re8
21. Qxb4 Qc7 22. Bb5 Rb8 23. Bd6 Qxc2 24. Nxf7+ Kg8 25. Nh6+ Kh8 26. O-O Bxa1
27. Nxg4 1-0